00651nam a2200229 a 4500001001300000003000900013005001700022008004100039020001000080082001300090100002400103245002600127260003200153300000900185500003500194650002400229700002400253902000800277942000700285952011400292999001500406nice12345678IN_TiNIC20260116013113.0070621s1984 newa grp 000 0 eng  ac58500a201bNOO aNoone, M M Judith M aSame Fate as the Poor aNew YorkbOrbis Booksc1984 a170p aincludes index and biblioraphy aChristian-Biography1 aNoone, M M Judith M bSRS cBK 001040708StackRoom-aHMIbHMId2007-06-21g585.00l0o201 NOOp017159r2007-06-21v585.00w2007-06-21yBK c9661d9661